Western civilizations : (Record no. 8983)

MARC details
000 -LEADER
fixed length control field 00825nam a22002412 4500
001 - CONTROL NUMBER
control field 0000019521
005 - DATE AND TIME OF LATEST TRANSACTION
control field 20151217152156.0
008 - FIXED-LENGTH DATA ELEMENTS--GENERAL INFORMATION
fixed length control field 110105s xx 000 0 eng d
020 ## - INTERNATIONAL STANDARD BOOK NUMBER
International Standard Book Number 0393972003 :
040 ## - CATALOGING SOURCE
Original cataloging agency KABU
Transcribing agency KABU
100 1# - MAIN ENTRY--PERSONAL NAME
Personal name Lerner, Robert E.
-- 0000179251
245 10 - TITLE STATEMENT
Title Western civilizations :
Remainder of title their history and their culture /
Statement of responsibility, etc. Robert E. Lerner, Standish Meacham, Edward McNall Burns.
250 ## - EDITION STATEMENT
Edition statement 13th ed.
260 ## - PUBLICATION, DISTRIBUTION, ETC. (IMPRINT)
Place of publication, distribution, etc. New York :
Name of publisher, distributor, etc. W. W. Norton,
Date of publication, distribution, etc. 1998.
300 ## - PHYSICAL DESCRIPTION
Extent xv, 634, [34] p.
650 #0 - SUBJECT ADDED ENTRY--TOPICAL TERM
Topical term or geographic name as entry element Civilization, Western
General subdivision History.
-- 0000152953
651 #0 - SUBJECT ADDED ENTRY--GEOGRAPHIC NAME
Geographic name Europe
General subdivision Civilization.
-- 0000179252
700 1# - ADDED ENTRY--PERSONAL NAME
Personal name Meacham, Standish.
-- 0000179253
700 1# - ADDED ENTRY--PERSONAL NAME
Personal name Burns, Edward McNall.
-- 0000179254
852 1# - LOCATION
-- p1990 KES
908 ## - PUT COMMAND PARAMETER (RLIN)
Put command parameter 110105
950 ## - LOCAL HOLDINGS (RLIN)
-- 1
Holdings
Withdrawn status Lost status Source of classification or shelving scheme Not for loan Home library Current library Date acquired Total Checkouts Full call number Barcode Date last seen Date last checked out Price effective from Koha item type
    Library of Congress Classification   Kabarak, Main Campus Kabarak, Main Campus 17/12/2015 4 CB245 .L47 1998 v. 1 c. 1 22994 13/07/2023 13/07/2023 17/12/2015 General Collection
Designed with assistance from East African Informatics Ltd